000 00780nam a2200205 i 4500
001 85481
003 ES-MaACL
005 20250902042854.0
007 t|
008 041128s1955 sp ||||1| spa d
100 1 _aJuran J. M.
_967331
245 1 0 _aManual de control de la calidad
_b: principios y prácticas /
_cJ. M. Juran ; [versión española por Mateo Sust y José Batllé].
260 _aBarcelona :
_bInstituto de Economía de la Empresa :
_bReverté,
_c1955 (
_fImp. Escuela de la Casa Provincial de Caridad)
300 _aXII, 819 p. :
_bil. ;
_c22 cm.
700 1 _aSust, Mateo.
_9108864
700 1 _aBatllé, José.
_926441
710 2 _aInstituto de Economía de la Empresa (Barcelona)
_94865
852 _aES-MaACL
_jC-11288
_bR.39529
999 _c85481
_d85481